[Event "Wch U12"]
[Site "Batumi"]
[Date "2022.09.27"]
[Round "11"]
[White "Mane, Arnav"]
[Black "Gorkov, Kirill"]
[Result "0-1"]
[WhiteElo "1238"]
[BlackElo "1501"]
[PlyCount "48"]
[EventDate "2022.09.16"]
[EventType "swiss"]
[EventRounds "11"]
[EventCountry "GEO"]
[SourceTitle "EXT 2023"]
[Source "ChessBase"]
[SourceDate "2022.10.05"]
[SourceVersion "1"]
[SourceVersionDate "2022.10.05"]
[SourceQuality "1"]

1. e4 c5 2. Nf3 Nc6 3. Bb5 e6 4. 0-0 Nge7 5. c3 a6 6. Bxc6 Nxc6 7. d4 cxd4 8. cxd4 d5 9. e5 Be7 10. Nc3 0-0 11. a4 Qb6 12. b3 Bd7 13. Be3 Rac8 14. Rb1 Nb4 15. Rc1 Rc7 16. Qe2 Rfc8 17. Na2 Rc2 18. Qd1 Rxa2 19. Rxc8+ Bxc8 20. Ne1 Qc6 21. Bd2 b5 22. Bxb4 Bxb4 23. Nd3 Bf8 24. Qb1 Qc2 0-1

[Event "EST-ch U14"]
[Site "Tallinn"]
[Date "2022.05.19"]
[Round "2"]
[White "Kaldmaa, Janis"]
[Black "Gorkov, Kirill"]
[Result "0-1"]
[WhiteElo "1203"]
[BlackElo "1371"]
[PlyCount "114"]
[EventDate "2022.05.19"]
[EventType "swiss"]
[EventRounds "8"]
[EventCountry "EST"]
[SourceTitle "EXT 2023"]
[Source "ChessBase"]
[SourceDate "2022.10.05"]
[SourceVersion "1"]
[SourceVersionDate "2022.10.05"]
[SourceQuality "1"]

1. e4 c5 2. Nf3 Nc6 3. c3 d5 4. exd5 Qxd5 5. Be2 Nf6 6. 0-0 e6 7. Na3 Be7 8. Nb5 Qd8 9. d3 0-0 10. h3 a6 11. Na3 b5 12. Nc2 Bb7 13. Bd2 Qc7 14. a4 Rad8 15. axb5 axb5 16. Ne3 Nh5 17. g3 Nf6 18. Qb3 b4 19. Nc4 Nd5 20. Ne3 bxc3 21. Nxd5 exd5 22. bxc3 Bc8 23. Bf4 Bd6 24. Bxd6 Qxd6 25. Kh2 Bxh3 26. Kxh3 Qe6+ 27. Kg2 Qxe2 28. Rad1 Qe6 29. Qa3 Qd6 30. d4 c4 31. Qa6 Ra8 32. Qb5 Ra5 33. Qb1 Rb8 34. Qf5 h6 35. Ne5 Nxe5 36. Qxe5 Qxe5 37. dxe5 Rb3 38. Rc1 Kf8 39. f4 Ke7 40. f5 Raa3 41. Rfd1 Ra5 42. Kf3 g6 43. Kg4 Raa3 44. Rxd5 Rxc3 45. Rxc3 Rxc3 46. fxg6 fxg6 47. Rd6 Kf7 48. Rf6+ Kg7 49. Rc6 Rc1 50. Rc7+ Kf8 51. Rc6 Ke7 52. Rxg6 c3 53. Kf5 Rf1+ 54. Ke4 c2 55. Rc6 c1Q 56. Rxc1 Rxc1 57. g4 Ke6 0-1

[Event "Wch FIDE Online U10 Europe qual"]
[Site "Tornelo INT"]
[Date "2020.12.08"]
[Round "4"]
[White "Bouska, Jiri"]
[Black "Gorkov, Kirill"]
[Result "1/2-1/2"]
[WhiteElo "1708"]
[BlackElo "1142"]
[PlyCount "49"]
[EventDate "2020.12.07"]
[EventType "swiss (rapid)"]
[EventRounds "7"]
[EventCountry "ISS"]
[SourceTitle "EXT 2022"]
[Source "ChessBase"]
[SourceDate "2021.10.06"]
[SourceVersion "1"]
[SourceVersionDate "2021.10.06"]
[SourceQuality "1"]

1. e4 c5 2. Nf3 Nc6 3. d4 cxd4 4. Nxd4 e6 5. Be3 Nf6 6. Nc3 Bb4 7. Bd3 d5 8. Nxc6 bxc6 9. exd5 cxd5 10. 0-0 0-0 11. Bd4 Re8 12. f4 Bb7 13. a3 Be7 14. g4 Nd7 15. b4 a5 16. Rb1 axb4 17. axb4 Bf6 18. Bxf6 Nxf6 19. Qe2 Rc8 20. Rb3 Qb6+ 21. Rf2 Qd4 22. Nb5 Qb6 23. Nc3 Qd4 24. Nb5 Qb6 25. Nc3 1/2-1/2